00377nam a2200157Ia 45000010006000000050017000060080041000230410008000640820018000721000030000902450040001202600009001603000034001696500008002036540008002112259420260414150841.0260414t2012||||xx |||||||||||||| ||spa|| aESP a621.3821bS99 aAhson, Syed A. (Ed.)eAUT 0aNear Fiel Communications Handbookb c2012 axiii, 364 páginas :c24 cm. aTCA aCET